[Event "GER-ch U12 Girls"]
[Site "Willingen"]
[Date "2023.05.29"]
[Round "3"]
[White "Boerner, Emma Charlotte"]
[Black "Kuhn, Sanna"]
[Result "1-0"]
[WhiteElo "990"]
[BlackElo "992"]
[PlyCount "101"]
[EventDate "2023.05.27"]
[EventType "swiss"]
[EventRounds "9"]
[EventCountry "GER"]
[SourceTitle "CBM 214 Extra"]
[Source "ChessBase"]
[SourceDate "2023.07.31"]
[SourceVersion "1"]
[SourceVersionDate "2023.07.31"]
[SourceQuality "1"]

1. e4 e5 2. Nf3 Nc6 3. Bc4 Bc5 4. 0-0 Nf6 5. Re1 d6 6. c3 Bg4 7. d4 exd4 8. cxd4 Nxd4 9. Qa4+ c6 10. Nxd4 Bxd4 11. Bxf7+ Kxf7 12. Qxd4 Bd7 13. Qxd6 Re8 14. Nc3 b5 15. Bf4 a5 16. Rad1 Ra7 17. e5 Ng8 18. e6+ Bxe6 19. Qxd8 Rxd8 20. Rxd8 Bf5 21. Ree8 Nf6 22. Rf8+ Kg6 23. Rd6 Re7 24. h3 Bd7 25. f3 a4 26. Ne4 c5 27. Nxc5 Be8 28. Ne4 h6 29. Nxf6 gxf6 30. Rfxf6+ Kg7 31. Bxh6+ Kh7 32. Bg5 Rg7 33. Rh6+ Kg8 34. Rd8 Rxg5 35. Rxe8+ Kf7 36. h4 Rg7 37. Rhe6 b4 38. R8e7+ Kg8 39. Rxg7+ Kxg7 40. h5 Kf7 41. Ra6 Kg7 42. Rxa4 Kh6 43. Rxb4 Kxh5 44. a4 Kg6 45. a5 Kf7 46. a6 Ke8 47. a7 Kf7 48. Rb6 Ke7 49. a8Q Kd7 50. Qa7+ Kc8 51. Rb8# 1-0